| Поле | Инд. | ПП | Название | Значение |
|---|---|---|---|---|
| Тип записи | a | |||
| Библиографический уровень | m | |||
| 001 | Контрольный номер | 8f1db369-8d50-4bf9-9b77-c12f98e30357 | ||
| 005 | Дата корректировки | 20140703155617.8 | ||
| 008 | Кодируемые данные | 070615 | ||
| 020 | a | ISBN | 0-06-041750-1 | |
| c | Цена, тираж | 3087.00 | ||
| 040 | a | Служба первич. каталог. | НБ ТвГУ | |
| 041 | a | Код языка текста | eng | |
| 080 | a | Индекс УДК | 330.8(73) | |
| a | Индекс УДК | 321.7 | ||
| 084 | a | Индекс другой классификации/Индекс ББК | У010.1 | |
| a | Индекс другой классификации/Индекс ББК | У02(7США)6 | ||
| a | Индекс другой классификации/Индекс ББК | Ф031.1 | ||
| 090 | a | Полочн. индекс | У010.1 | |
| x | Авторский знак | D78 | ||
| 100 | 1_ | a | Автор | Downs Anthony |
| 245 | 00 | a | Заглавие | An economic theory of democracy |
| c | Ответственность | Anthony Downs | ||
| 260 | 0_ | a | Место издания | Boston [etc.] |
| b | Издательство | Harper Collins | ||
| c | Дата издания | 1985 | ||
| 300 | a | Объем | X, 310 p. | |
| c | Размеры | 21 cm | ||
| 504 | a | Библиография | Bibliogr.: p. 301-304. - Ind.: p. 306-310. | |
| 583 | a | Действие | Получение впервые 140 13.06.2007 | |
| k | Исполнитель действия | Дар Оксфордско-Российского фонда | ||
| 650 | a | Основная рубрика | Экономическая теория | |
| 650 | a | Основная рубрика | Экономическая мысль | |
| x | Основная подрубрика | История | ||
| y | Хронологическая подрубрика | 20 в. | ||
| z | Географическая подрубрика | США | ||
| 650 | a | Основная рубрика | Демократия | |
| x | Основная подрубрика | Теория | ||
| 650 | a | Основная рубрика | Политология | |
| 653 | a | Ключевые слова | Демократия | |
| a | Ключевые слова | История экономической мысли | ||
| a | Ключевые слова | Оксфордско-Российский фонд | ||
| a | Ключевые слова | Политология | ||
| a | Ключевые слова | Теория демократии | ||
| a | Ключевые слова | Экономическая мысль | ||
| a | Ключевые слова | Экономическая теория | ||
| 852 | t | Порядковый номер экземпляра | 1 | |
| p | Инвентарный номер | 877259 | ||
| 863 | t | 00175569 | ||
| 888 | a | Бесплатные | ||
| 930 | a | Новая/Ретро | иностр | |
| a | Новая/Ретро | англ | ||
| 952 | p | 140.2007 3087.00 1 877259 | ||
| c | Вид литературы | К ин | ||
| 954 | a | Дата поступления на обработку | 20070918 | |
| 999 | a | Подразделение 2 | ч.з. |